00242nam a2200109Ia 4500008004100000041001200041082001100053100001400064245004200078260000600120650000600126221030s9999 xx 000 0 und d aEnglish a105.23 aR. Bangia 0aLearning MS Office 2000cby R. Bangia c0 aB